| 000 | 01289nam a2200385Ia 4500 | ||
|---|---|---|---|
| 001 | 060261 | ||
| 008 | 221003m2020 xx 000 0 spa d | ||
| 035 | _aCENDO_49885 | ||
| 041 | _aspa | ||
| 245 | 0 | 0 | _aManifiesto Día Internacional de las Personas Mayores |
| 260 |
_a[Madrid] : _bFederación de Pensionistas y Jubilados, _c2020 |
||
| 300 |
_a4 p. ; _c 30 cm |
||
| 500 | _aEn: Revista de Orientación e Información, n. 75 (cuarto trimestre 2020), p. 20-23 | ||
| 650 | 0 |
_aPERSONAS DE EDAD AVANZADA _9866 |
|
| 650 |
_aJUBILADO _97275 |
||
| 650 |
_aPRESTACIONES DE VEJEZ _9348 |
||
| 650 | 0 |
_aASISTENCIA MEDICA _9556 |
|
| 650 |
_aJUBILACION _91014 |
||
| 650 |
_aPOLITICA SOCIAL _9228 |
||
| 650 | 0 |
_aTRABAJADORES DE EDAD AVANZADA _939440 |
|
| 650 |
_aAJUSTE DE PRESTACIONES _91896 |
||
| 650 |
_aDERECHOS ECONOMICOS Y SOCIALES _9302 |
||
| 650 |
_aESPAÑA _99 |
||
| 650 | 0 |
_aDIA INTERNACIONAL DE LAS PERSONAS DE EDAD _939767 |
|
| 650 | 0 |
_aACTITUD SINDICAL _961 |
|
| 710 | 2 |
_aCCOO _bFederación de Pensionistas y Jubilados, _eed. _99548 |
|
| 856 |
_zPDF _uhttp://docpublicos.ccoo.es/cendoc/060261ManifiestoDiaMayores.pdf |
||
| 901 | _a0 | ||
| 903 | _aNO | ||
| 904 | _a000 | ||
| 907 | _aPensiones y jubilación | ||
| 910 | _a2020 | ||
| 942 |
_cDOCU_ELEC _2ddc |
||
| 999 |
_c49884 _d49884 |
||